Library of the University of Algiers 3
Ibrahim Sultan Cheibout
شعار جامعة الجزائر 3
مكتبة جامعة الجزائر 3
إبراهيم سلطان شيبوط

نظم المعلومات التسويقية (24) / (رقم التسجيلة. 46379)

تفاصيل مارك
000 -LEADER
fixed length control field 01260nam a2200193Ia 4500
003 - CONTROL NUMBER IDENTIFIER
control field Ost
005 - DATE AND TIME OF LATEST TRANSACTION
control field 20260507075805.0
008 - FIXED-LENGTH DATA ELEMENTS--GENERAL INFORMATION
fixed length control field 260507s9999||||xx |||||||||||||| ||und||
040 ## - CATALOGING SOURCE
Transcribing agency fsecg
041 ## - LANGUAGE CODE
Language code of text/sound track or separate title ara
100 ## - MAIN ENTRY--PERSONAL NAME
Personal name محمود، أمينة محمود حسين
Relator term مؤلف
245 #0 - TITLE STATEMENT
Title نظم المعلومات التسويقية (24) /
Statement of responsibility, etc. أمينة محمود حسين محمود
260 ## - PUBLICATION, DISTRIBUTION, ETC.
Place of publication, distribution, etc. القاهرة:
Name of publisher, distributor, etc. مطبعة مركز التعليم المفتوح,
Date of publication, distribution, etc. 1990
300 ## - PHYSICAL DESCRIPTION
Extent 206 صفحة؛
Other physical details إيضاحات ؛
Dimensions 24 سم
504 ## - BIBLIOGRAPHY, ETC. NOTE
Bibliography, etc. note مراجع ص ص.204- 206
520 ## - SUMMARY, ETC.
Summary, etc. تعريف و نشأة نظم المعلومات التسويقية، أسباب الاهتمام بنظم المعلومات التسويقية، مقاييس فاعلية نظم المعلومات التسويقية، الاطار التنظيمي الحاكم لنظم المعلومات التسويقية، البيئة المحيطة بنظم المعلومات التسويقية، مدخلات و مخرجات نظم المعلومات التسويقية، دور نظام المعلومات التسويقية في ترشيد قرارا ت مزيج منتجات المنظمة
653 ## - INDEX TERM--UNCONTROLLED
Uncontrolled term نظم المعلومات التسويقية
942 ## - ADDED ENTRY ELEMENTS (KOHA)
Koha item type كتب
المقتنيات
Withdrawn status Lost status Source of classification or shelving scheme Damaged status Not for loan Home library Current library Date acquired Serial enumeration / chronology Inventory number Total checkouts Full call number Barcode Date last seen Price effective from Koha item type
    Library of Congress Classification   NOT LOAN / إعارة داخلية مكتبة كلية العلوم الإقتصادية والعلوم التجارية وعلوم التسيير مكتبة كلية العلوم الإقتصادية والعلوم التجارية وعلوم التسيير 07/05/2026 الطابق الأرضي 1649/24/1   أ/1649ك24ن1 1649/24/1 07/05/2026 07/05/2026 كتب
    Dewey Decimal Classification   Available مكتبة كلية العلوم الإقتصادية والعلوم التجارية وعلوم التسيير مكتبة كلية العلوم الإقتصادية والعلوم التجارية وعلوم التسيير 07/05/2026 الطابق الثاني 1649/24/2   أ/1649ك24ن2 1649/24/2 07/05/2026 07/05/2026 كتب

موارد الويب المفتوحة


© University of Algiers 3 All Rights Reserved
|
Implemented by LECHELAH Riad